| 000 | 00386nam a22001337a 4500 | ||
|---|---|---|---|
| 020 | _qHB. | ||
| 040 | _cFIZZA ISHAQ | ||
| 082 |
_a628.1 _bHEI |
||
| 100 |
_aHeinonen, Pertti. _96308 |
||
| 245 |
_aHydrological and Limnological Aspects of Lake Monitoring / _cPertti Heinonen. |
||
| 260 |
_aNEW YORK: _b ‏Wiley, _c2000. |
||
| 300 |
_a372 p. ; _c 6.24 x 1.1 x 9.23 inches |
||
| 942 |
_2ddc _cBK |
||
| 999 |
_c615723 _d615723 |
||